000
00513nam a2200181Ia 4500
008
090124s9999 xx 000 0 und d
082
_b
123621
100
_a
जोशी शशिकांत
245
_a
छाया पडछाया
250
_a
1
260
_c
1989
300
_a
152
600
_a
जोशी शशिकांत
630
_a
छाया पडछाया
700
_a
जोशी शशिकांत
730
_a
छाया पडछाया
942
_c
BOOK
999
_c
169708
_d
169708